000 00939nam a22002537a 4500
003 DO-SdBNP
005 20220722101442.0
007 ta
008 110301s201- dr 000 0 spa d
040 _aDO-SdBNP
_bspa
_cBNPHU
082 4 _axxxx
_bL865a
100 1 _aLora S., Luis M.
_953018
245 1 3 _aEl aprendiz :
_bno apto para hombres ordinarios. Paciencia, perseverancia, pasión, determinación... Nada es imposible /
_cLuis M. Lora S.
246 1 3 _aEl aprendiz :
_b Paciencia, perseverancia, pasión, determinación... Nada es imposible /
260 _a[Santo Domingo] :
_b[s.d.],
_c[201-?].
300 _a57 p. :
_c21 cm.
500 _aIncluye datos biográficos del autor en la pagina 3.
500 _aLibro en espiral.
504 _aBibliografía p: 55
590 _aInventariado, 2022/ YL
590 _aLa biblioteca posee tres (3) ejemplares autografiados por el autor.
910 _aYLockward
942 _2ddc
_cLBS1
999 _c52217
_d52217